| 000 | 00000nam##2200000za#4500 |
| 001 | 9.699009 |
| 003 | CaOODSP |
| 005 | 20241203113638 |
| 007 | cr ||||||||||| |
| 008 | 150407|2004||||xxc|||||o f|0| 0 eng|d |
| 040 | |aCaOODSP|beng |
| 043 | |an-cn--- |
| 086 | 1 |aEn14-142/2004E-PDF |
| 110 | 1 |aCanada. |bEnvironment Canada. |
| 245 | 10|aReply to comments on submissions received on the August, 2003 Environment Canada discussion document "Reducing the level of sulphur in Canadian off-road diesel fuel" / |h[electronic resource]|cOil, Gas and Energy Branch. |
| 246 | 1 |aReply to comments - reducing sulphur in off-road diesel discussion paper |
| 260 | |aOttawa - Ontario : |bEnvironment Canada |cOctober 2004. |
| 300 | |a43p.|bfigs., graphs |
| 590 | |a14-08-Supp|b2014-04-10 |
| 690 | 07|aAir pollution|2gcpds |
| 690 | 07|aDiesel fuel|2gcpds |
| 690 | 07|aEnvironmental protection|2gcpds |
| 775 | 08|tRéponse aux commentaires reçus au sujet du document de travail d'Environnement Canada « Réduction de la teneur en soufre du carburant diesel hors route au Canada », publié en août 2003 / |w(CaOODSP)9.643015 |
| 856 | 40|ahttp://publications.gc.ca|qPDF|s218 KB|uhttps://publications.gc.ca/collections/collection_2014/ec/En14-142-2004-eng.pdf |